| 000 | 00927cab a2200241 4500 | ||
|---|---|---|---|
| 001 | WB3409-35 | ||
| 008 | 090401t1998 xxu||||| |||| 00| 0 eng d | ||
| 035 | _a(Sirsi) u84669 | ||
| 041 | _aeng | ||
| 245 | _aAgricultural holdings - notice to quit | ||
| 260 | _c1998 | ||
| 350 | _a0 | ||
| 490 |
_aEstates Gazette Case Summaries _v[1998] EGCS 25, (1) (28/02/98) |
||
| 520 | _a"Calcott v JS Bloor (Measham) Ltd" CA 17 February 1998. Conversion of an agreement to deemed tenancy from year to year under the Agricultural Holdings Act 1986 s2(1) is allowed to take immediate effect. | ||
| 650 | _aAGRICULTURAL HOLDINGS ACT 1986 S2(1) | ||
| 650 | _aPROPERTY-LANDLORD AND TENANT-TENANCIES-AGRICULTURAL TENANCIES | ||
| 650 | _aCALCOTT V JS BLOOR (MEASHAM) LTD | ||
| 650 | _aDETERMINATION | ||
| 650 | _aNOTICE TO QUIT | ||
| 690 | _aLANDLORD AND TENANT-CASE LAW-AGRICULTURAL TENANCIES | ||
| 942 | _n0 | ||
| 948 | _c04/03/1998 | ||
| 999 |
_c53236 _d53236 |
||